00211nam a22000737a 4500008004100000040005500041245002500096260001600121240730b |||||||| |||| 00| 0 eng d aNational Science LibrarycNational Science Library aCAB abstracts online bC.A.Bc1979